| 000 | 00872nam a2200229 a 4500 | ||
|---|---|---|---|
| 001 | 13319 | ||
| 003 | BD-JhCC | ||
| 005 | 20230829193509.0 | ||
| 008 | 230626s2021 bg a|||| |||| 000 0 ben d | ||
| 035 | _a(BD-JhCC)13319 | ||
| 040 |
_aBD-JhCC _dBD-JhCC |
||
| 041 | _aben | ||
| 082 |
_a297.18 _bMOH 2021 |
||
| 100 | _aমোহন, ড. ইকবাল কবীর | ||
| 245 |
_aদাউদ (আ)-এর কাহিনী শুনি : _bছোটদের জন্য কুরআনের কহিনী / _cড. ইকবাল কবীর মোহন |
||
| 260 |
_aঢাকা : _bশিশুকানন প্রকাশন, _c২০২১ |
||
| 300 |
_a২৪ পৃ.: _bরঙিন পৃষ্ঠা; _c১৮ সেমি. |
||
| 600 | _aProphet Hazrat Daud (AS) | ||
| 650 | _aMuslim legend | ||
| 650 | _a juvenile literature | ||
| 942 |
_2ddc _cBK |
||
| 999 |
_c13319 _d13319 |
||